| 000 | 00367nam a22001457a 4500 | ||
|---|---|---|---|
| 003 | OSt | ||
| 005 | 20211221152414.0 | ||
| 008 | 211221b |||||||| |||| 00| 0 eng d | ||
| 020 | _a139781111526504 | ||
| 040 | _cHU | ||
| 082 | _a001.642 | ||
| 100 |
_aAddison _923987 |
||
| 245 | _aPrinciples Of Program Design Problem Solving With Java Script | ||
| 942 |
_2ddc _cBOOKS _n0 |
||
| 999 |
_c23224 _d23224 |
||